| 000 | 00655nam a22001457a 4500 | ||
|---|---|---|---|
| 020 | _a978-1-84916-275-3 | ||
| 082 |
_a823 _bLAR/G |
||
| 100 | _aLARSSON, STIEG | ||
| 245 | _aTHE GIRL WHO KICKED THE HORNET'S NEST | ||
| 260 |
_aLONDON _bMACLEHOSE PRESS |
||
| 300 | _a746 | ||
| 520 | _aLisbeth Salander—the heart of Larsson's two previous novels—lies in critical condition, a bullet wound to her head, in the intensive care unit of a Swedish city hospital. She's fighting for her life in more ways than one: if and when she recovers, she'll be taken back to Stockholm to stand trial for three murders. | ||
| 650 |
_aNOVEL, ENGLISH _zLONDON |
||
| 942 | _cBK | ||
| 999 |
_c2459 _d2459 |
||